Juntas en las Construcciones de concreto : (Registro nro. 795)

Detalles MARC
000 -LEADER
campo de control de longitud fija 02182nam a22004697a 4500
001 - NÚMERO DE CONTROL
campo de control 42835
003 - IDENTIFICADOR DE NÚMERO DE CONTROL
campo de control gtgccic
005 - FECHA Y HORA DE LA ÚLTIMA TRANSACCIÓN
campo de control 20250805153645.0
007 - CAMPO FIJO DE DESCRIPCIÓN FÍSICA--INFORMACIÓN GENERAL
campo de control de longitud fija ta
008 - DATOS DE LONGITUD FIJA--INFORMACIÓN GENERAL
campo de control de longitud fija 250805b mx ||||| |||| 00| 0 spa d
020 ## - NÚMERO INTERNACIONAL ESTÁNDAR DEL LIBRO
Número Internacional Estándar del Libro 9684641249
040 ## - FUENTE DE CATALOGACIÓN
Centro catalogador/agencia de origen gtgccic
Lengua de catalogación spa
Centro/agencia transcriptor gtgccic
Centro/agencia modificador gtgccic
Normas de descripción rda
082 ## - NÚMERO DE LA CLASIFICACIÓN DECIMAL DEWEY
Número de clasificación 691.3 I59
100 1# - ENTRADA PRINCIPAL--NOMBRE DE PERSONA
Nombre de persona Instituto Mexicano del Cemento y del Concreto
245 ## - MENCIÓN DEL TÍTULO
Título Juntas en las Construcciones de concreto :
Resto del título ACI-224.3R-95 /
Mención de responsabilidad, etc. IMCYC
250 ## - MENCION DE EDICION
Mención de edición Título original en inglés:
Resto de la mención de edición Joints in Concrete Construction, ACI 224.3R-95
264 ## - PRODUCCIÓN, PUBLICACIÓN, DISTRIBUCIÓN, FABRICACIÓN Y COPYRIGHT
Producción, publicación, distribución, fabricación y copyright México :
Nombre del de productor, editor, distribuidor, fabricante IMCYC ;
Fecha de producción, publicación, distribución, fabricación o copyright 2002.
300 ## - DESCRIPCIÓN FÍSICA
Extensión 63 p. :
Otras características físicas il. ;
Dimensiones 27 cm
336 ## - TIPO DE CONTENIDO
Fuente rdacontenido
Término de tipo de contenido texto
Código de tipo de contenido txt
337 ## - TIPO DE MEDIO
Fuente rdamedio
Nombre/término del tipo de medio sin mediación
Código del tipo de medio n
338 ## - TIPO DE SOPORTE
Fuente rdasoporte
Nombre/término del tipo de soporte volumen
Código del tipo de soporte nc
490 ## - MENCIÓN DE SERIE
Mención de serie ACI 224.3R-95
505 ## - NOTA DE CONTENIDO CON FORMATO
Información miscelánea Capítulo 1
Título INTRODUCCIÓN
505 ## - NOTA DE CONTENIDO CON FORMATO
Información miscelánea Capítulo 2
Título MATERIALES SELLADORES Y TÉCNICAS DE JUNTEO
505 ## - NOTA DE CONTENIDO CON FORMATO
Información miscelánea Capítulo 3
Título EDIFICIOS
505 ## - NOTA DE CONTENIDO CON FORMATO
Información miscelánea Capítulo 4
Título PUENTES
505 ## - NOTA DE CONTENIDO CON FORMATO
Información miscelánea Capítulo 5
Título LOSAS SOBRE EL TERRENO
505 ## - NOTA DE CONTENIDO CON FORMATO
Información miscelánea Capítulo 6
Título PAVIMENTOS
505 ## - NOTA DE CONTENIDO CON FORMATO
Información miscelánea Capítulo 7
Título TÚNELES, REVESTIMIENTO DE CANALES Y TUBERÍAS
505 ## - NOTA DE CONTENIDO CON FORMATO
Información miscelánea Capítulo 8
Título MUROS
505 ## - NOTA DE CONTENIDO CON FORMATO
Información miscelánea Capítulo 9
Título ESTRUCTURAS PARA RETENCIÓN DE LÍQUIDOS
505 ## - NOTA DE CONTENIDO CON FORMATO
Información miscelánea Capítulo 10
Título CONCRETO MASIVO
505 ## - NOTA DE CONTENIDO CON FORMATO
Información miscelánea Capítulo 11
Título REFERENCIAS
520 ## - RESUMEN, ETC.
Sumario, etc. En las estructuras de concreto las juntas son necesarias por varias razones. El concreto en una estructura dada puede colarse continuamente o no, por ello, existen juntas de construcción que permiten suspende el trabajo y continuarlo después de un período de tiempo. Puesto que el concreto sufre cambios de volumen, relacionado principalmente con la contracción y los cambios de temperatura, puede necesitar proveerlo con juntas y así aliviar los esfuerzos de tensión o compresión que llegan a producirse en la estructura.
650 ## - PUNTO DE ACCESO ADICIONAL DE MATERIA--TÉRMINO DE MATERIA
Término de materia o nombre geográfico como elemento de entrada INGENIERÍA DE LA CONSTRUCCIÓN
650 ## - PUNTO DE ACCESO ADICIONAL DE MATERIA--TÉRMINO DE MATERIA
Término de materia o nombre geográfico como elemento de entrada MATERIALES DE CONSTRUCCIÓN
700 ## - ENTRADA AGREGADA--NOMBRE PERSONAL
Nombre de persona Ing. Lorenzo Flores Castro
Término indicativo de función/relación Revisión Técnica
700 ## - ENTRADA AGREGADA--NOMBRE PERSONAL
Nombre de persona Arq. Heraclio Esqueda Huidobro
700 ## - ENTRADA AGREGADA--NOMBRE PERSONAL
Nombre de persona Ing. Raúl Huerta Martínez
Término indicativo de función/relación Producción editorial
942 ## - ELEMENTOS DE ENTRADA SECUNDARIOS (KOHA)
Fuente de la clasificación o esquema de estantería Clasificación Decimal Dewey
Tipo de ítem Koha Libros
Suprimir en OPAC No
945 ## - PROCESAMIENTO DE INFORMACIÓN LOCAL (OCLC)
a amlo
Existencias
Estatus retirado Estado de pérdida Fuente de la clasificación o esquema de estantería Estado de daño No para préstamo Biblioteca de origen Biblioteca actual Ubicación en estantería Fecha de adquisición Fuente de adquisición Número de inventario Total de préstamos Signatura topográfica completa Código de barras Visto por última vez Copia número Precio de reemplazo Tipo de ítem Koha
    Clasificación Decimal Dewey     CENTRO DE INFORMACIÓN A LA CONSTRUCCIÓN-CICON CENTRO DE INFORMACIÓN A LA CONSTRUCCIÓN-CICON Colección general 05/08/2025 compra 8.3.01.H.10693/2004   691.3 I 59 Cicon8.3.01.H.10693/ 05/08/2025 1 05/08/2025 Libros